Extreme planet : (Record no. 1356)

MARC details
000 -LEADER
fixed length control field 02141cam a2200337 i 4500
005 - DATE AND TIME OF LATEST TRANSACTION
control field 20230821095017.0
020 ## - INTERNATIONAL STANDARD BOOK NUMBER
International Standard Book Number 9781426321009 (pbk. : alk. paper)
020 ## - INTERNATIONAL STANDARD BOOK NUMBER
International Standard Book Number 9781426321016 (library binding : alk. paper)
040 ## - CATALOGING SOURCE
Original cataloging agency NJQ/DLC
Language of cataloging eng
Transcribing agency NJQ
Description conventions rda
Modifying agency DLC
050 00 - LIBRARY OF CONGRESS CALL NUMBER
Classification number TR140.P45
Item number P48 2015
082 04 - DEWEY DECIMAL CLASSIFICATION NUMBER
Classification number 551
Edition number 23
100 1# - MAIN ENTRY--PERSONAL NAME
Personal name Peter, Carsten,
Relator term author.
245 10 - TITLE STATEMENT
Title Extreme planet :
Remainder of title Carsten Peter's adventures in volcanoes, caves, canyons, deserts, and beyond! /
Statement of responsibility, etc. Carsten Peter, with Glen Phelan.
246 30 - VARYING FORM OF TITLE
Title proper/short title Carsten Peter's adventures in volcanoes, caves, canyons, deserts, and beyond
260 ## - PUBLICATION, DISTRIBUTION, ETC.
Place of publication, distribution, etc. Washington D.C. :
Name of publisher, distributor, etc. Scholastic,
Date of publication, distribution, etc. 2015
300 ## - PHYSICAL DESCRIPTION
Extent 111 pages :
Other physical details color illustrations ;
Dimensions 28 cm.
490 0# - SERIES STATEMENT
Series statement National Geographic kids
505 0# - FORMATTED CONTENTS NOTE
Formatted contents note O
505 0# - FORMATTED CONTENTS NOTE
Formatted contents note Volcanoes -- Glaciers and ice sheets -- Deserts -- Caves -- Canyons -- Tornadoes and lightning.
520 ## - SUMMARY, ETC.
Summary, etc. The earth explodes in shoots of hot magma, glaciers crash into the ocean, grotesque creatures lurk in deep caves... follow noted National Geographic explorer and photographer Carsten Peter as he shows us that our precious planet Earth is one wild and extreme place! Tornadoes, ice caves, glaciers, lightning--no territory or phenomenon is too scary for daring explorer Carsten Peter, who is right at home exploring the most outrageous places and raucous natural occurrences around the globe. Kids can follow along as he heads into extreme places and reveals the science and background behind these seemingly unexplainable natural places and phenomenon. Underlying each of his adventures is a dose of hard science, intriguing history, provocative images, tips, gear and gadget advice, and more to help kids learn about the Earth how they can help preserve the planet.
521 1# - TARGET AUDIENCE NOTE
Target audience note 840 <br/>
Source Lexile
521 1# - TARGET AUDIENCE NOTE
Target audience note O <br/>
Source Raz-Plus
650 #0 - SUBJECT ADDED ENTRY--TOPICAL TERM
Topical term or geographic name entry element Geology
Form subdivision Juvenile literature.
650 #0 - SUBJECT ADDED ENTRY--TOPICAL TERM
Topical term or geographic name entry element Extreme environments
Form subdivision Juvenile literature.
650 #0 - SUBJECT ADDED ENTRY--TOPICAL TERM
Topical term or geographic name entry element Nature photography.
700 1# - ADDED ENTRY--PERSONAL NAME
Personal name Phelan, Glen,
Relator term author.
906 ## - LOCAL DATA ELEMENT F, LDF (RLIN)
a 7
b cbc
c orignew
d 1
e ecip
f 20
g y-gencatlg
942 ## - ADDED ENTRY ELEMENTS (KOHA)
Source of classification or shelving scheme Dewey Decimal Classification
Koha item type Books
Suppress in OPAC No
999 ## -
-- 1356
-- 1356
Holdings
Withdrawn status Lost status Source of classification or shelving scheme Damaged status Not for loan Collection Home library Current library Shelving location Date acquired Total Checkouts Full call number Barcode Date last seen Price effective from Koha item type
    Dewey Decimal Classification     Non-Fiction Footprints International School Library Network Toul Kork Campus Footprints International School Library Network Toul Kork Campus A TK Campus, 4th Floor, Room B401, Non-Fiction Bookcases(7-8) 08/21/2023   PET 551 TR140.P45 FISTK05521 08/21/2023 08/21/2023 Books